| 000 | 00804nam a2200241 4500 | ||
|---|---|---|---|
| 003 | OSt | ||
| 005 | 20260601171000.0 | ||
| 008 | 260509b2014\\\\nyua||||\||||\00|\0\eng\d | ||
| 040 |
_aICI _bspa _cICI |
||
| 041 | _aeng | ||
| 050 |
_aNA680 _bB526 |
||
| 245 | 1 | _aMaterials and Ideas for the Future | |
| 264 |
_aNew York : _biMade Italia _c2014 |
||
| 300 |
_a48 páginas : _bilustraciones |
||
| 336 |
_atexto _2rdacontent |
||
| 337 |
_asin medio _2rdamedia |
||
| 338 |
_avolumen _2rdacarrier |
||
| 500 | _aAl pie de la portada: Based on an exhibition created by Steelcase Design Partnership | ||
| 650 |
_aArquitectura moderna _vExposiciones _xTemas, motivos _ySiglo XX _931336 |
||
| 650 |
_aDiseño _vExposiciones _xHistoria _ySiglo XX _931337 |
||
| 650 |
_aMateriales _vExposiciones _931338 |
||
| 942 |
_2lcc _cB _n1 |
||
| 999 |
_c20048 _d20048 |
||